000 00393cam a2200181 4500
001 D13513
008 090401t1951 xxu||||| |||| 00| 0 eng d
035 _a(Sirsi) u10098
041 _aeng
100 _aNewcombe, S.L.
245 4 _aThe law of easements
250 _a4th
260 _bEstates Gazette
_c1951
350 _a0
520 _aShelf 132
942 _n0
948 _c04/03/1997
999 _c86701
_d86701